00710nam a2200217Ia 4500003000400000005001700004008004100021020001900062040002900081050002300110100002200133245005800155250000800213260003100221300002700252650003800279700002100317942001200338952012900350999001300479OSt20230310101319.0221021s9999||||xx |||||||||||||| ||und|| a978-0071289122 cChuka University Library aHD 30.3b.V37 2011 aVarnez ,Iris9363 0aIntercultural communication in the global workplace/  a5th aBostonbMC Graw Hillc2011 a503 P.bIncludes Index aInternational Communication98593 aBeamer, L.98594 cBK2lcc 00102lcc40708LGLaCHKbCHKcBSLd2022-10-21l0oBSL HD 30.3.V37 2011p10331/2013r2022-10-21 00:00:00t2w2022-10-21yBK c267d267